Segundo diario mínimo /
Guardado en:
| Autor Principal: | |
|---|---|
| Otros Autores: | |
| Formato: | Libro |
| Publicado: |
Barcelona :
Lumen,
1994
|
| Series: | Palabra en el Tiempo; No. 228
|
| Materias: | |
| Etiquetas: |
Agregar Etiqueta
Sin Etiquetas, Sea el primero en etiquetar este registro!
|
| LEADER | 00815nam a22002415a 4500 | ||
|---|---|---|---|
| 001 | CEM.cems012934 | ||
| 005 | 20080710114804.0 | ||
| 008 | 130507s1994##################000#0#####d | ||
| 003 | CEMS | ||
| 020 | |a 8426412289 | ||
| 082 | 0 | 4 | |a 858.9 |
| 100 | 1 | |a Eco, Umberto | |
| 245 | 1 | 0 | |a Segundo diario mínimo / |c Umberto Eco ; traducción de Helena Lozano Miralles |
| 260 | |a Barcelona : |b Lumen, |c 1994 | ||
| 300 | |a 323 p. | ||
| 490 | 0 | |a Palabra en el Tiempo; No. 228 | |
| 505 | 0 | |a Historias verdaderas -- Instrucciones de uso -- Fragmentos de cacopedia -- Juego de palabras -- El milagro de San Baudolino | |
| 653 | |a Literatura | ||
| 653 | |a Literatura italiana | ||
| 653 | |a Ensayo | ||
| 653 | |a Ensayo italiano | ||
| 700 | 1 | |a Lozano Miralles, Helena, trad. | |
| 859 | |a CEMS |b BIB. CEMS - 11 de abril |h 858.9 |i Ec71 |p 25228.08 |t Ej.1 | ||
